书目信息 |
| 题名: |
经纪管理
|
|
| 作者: | 西尔 , 麦克亚当斯 , 索贝克 著 ;刘萍萍 , 齐志宏 , 丁艺 译 | |
| 分册: | ||
| 出版信息: | 北京 中信出版社 2001.01 |
|
| 页数: | 478页 | |
| 开本: | 21cm | |
| 丛书名: | 中外房地产丛书 | |
| 单 册: | ||
| 中图分类: | F293.3 | |
| 科图分类: | ||
| 主题词: | 房地产业--fang di chan ye--经济管理--研究 | |
| 电子资源: | ||
| ISBN: | 7-80073-297-5 | |
| 000 | 01569nam 2200349 450 | |
| 001 | 012007474176 | |
| 005 | 20070924094055.92 | |
| 010 | @a7-80073-297-5@dCNY34.00 | |
| 100 | @a20070817d2001 km y0chiy0120 ea | |
| 101 | 1 | @achi@ceng |
| 102 | @aCN@b110000 | |
| 105 | @ay z 000yy | |
| 200 | 1 | @a经纪管理@Ajing ji guan li@e新世纪的公司运作@d= Real estate brokerage@ea management guide@f(美) 约翰·E·塞尔, 琼·索拜克, 劳雷尔·D·麦克亚当斯著@F(mei)yue han·E·sai er,qiong·suo bai ke,lao lei er·D·mai ke ya dang si zhu@g刘萍萍, 齐志宏, 丁艺译@Gliu ping ping,qi zhi hong,ding yi yi@zeng |
| 210 | @a北京@c中信出版社@d2001.01 | |
| 215 | @a478页@d21cm | |
| 225 | 2 | @a中外房地产丛书@Azhong wai fang di chan cong shu |
| 306 | @a据Real Estate Education Company 1999年译出。 | |
| 314 | @a责任者 (Cyr) 规范汉译姓 :西尔。 | |
| 330 | @a本书展示了为创建房地产经纪公司并保持公司按照正确的航线前进,你所需要了解的成功管理的5个步骤:计划、组织、员工配备、指导和招聘等。 | |
| 410 | 0 | @12001 @a中外房地产丛书 |
| 500 | 10 | @aReal estate brokerage : a management guide@mChinese |
| 517 | 1 | @a新世纪的公司运作@Axin shi ji de gong si yun zuo |
| 606 | 0 | @a房地产业@Afang di chan ye@x经济管理@x研究 |
| 690 | @aF293.3@v4 | |
| 701 | 1 | @a西尔@Axi er@g(Cyr, John E.),@f1916- @4著 |
| 701 | 1 | @a麦克亚当斯@Amai ke ya dang si@g(McAdams, Laurel D.)@4著 |
| 701 | 1 | @a索贝克@Asuo bei ke@g(Sobeck, Joan m.)@4著 |
| 702 | 0 | @a刘萍萍@Aliu ping ping@4译 |
| 702 | 0 | @a齐志宏@Aqi zhi hong@4译 |
| 702 | 0 | @a丁艺@Ading yi@4译 |
| 801 | 0 | @aCN@c20070924 |
| 905 | @dF293.3@eX067 | |
| 经纪管理:新世纪的公司运作= Real estate brokerage:a management guide/(美) 约翰·E·塞尔, 琼·索拜克, 劳雷尔·D·麦克亚当斯著/刘萍萍, 齐志宏, 丁艺译.-北京:中信出版社,2001.01 |
| 478页;21cm.-(中外房地产丛书) |
| ISBN 7-80073-297-5:CNY34.00 |
| 本书展示了为创建房地产经纪公司并保持公司按照正确的航线前进,你所需要了解的成功管理的5个步骤:计划、组织、员工配备、指导和招聘等。 |
| ● |
| 相关链接 |
|
|
|
正题名:经纪管理
索取号:F293.3/X067
 
预约/预借
| 序号 | 登录号 | 条形码 | 馆藏地/架位号 | 状态 | 备注 |
| 1 | 259554 | 202595548 | 社科库409/409社科库 108排2列4层/ [索取号:F293.3/X067] | 在馆 | |
| 2 | 259555 | 202595557 | 社科库409/409社科库 108排2列4层/ [索取号:F293.3/X067] | 在馆 | |
| 3 | 259556 | 202595566 | 社科库409/409社科库 108排2列4层/ [索取号:F293.3/X067] | 在馆 |